• 首页
  • 本馆介绍
  • 公告通知
  • 最新文献
  • 馆藏检索
  • 电子资源
  • 读者导购
  • 参考咨询
  • 我的图书馆
  • 登录
  • 详细信息显示
  • 放入我的书架
  • 预约/预借图书
  • 作者相关作品
  • 分类相关作品
  • 丛书相关作品
  • 出版社相关作品

书目信息

  • 表格格式
  • 工作单格式
  • 卡片格式
题名:
《21世纪大学英语》教学论文集
    
 
作者: 蔡基刚 主编
分册:  
出版信息: 上海   复旦大学出版社  2001
页数: 397页
开本: 20cm
丛书名:
单 册:
中图分类: H319-53
科图分类:
主题词: 英语
电子资源:
ISBN: 7-309-02937-2
000 00577nam0 2200193 450
001 0757917726
005 20070724172502.28
010    @a7-309-02937-2@dCNY18.00
100    @a20070720d2001 km y0chiy0120 ea
101 0  @achi
102    @aCN@b310000
200 1  @a《21世纪大学英语》教学论文集@A《21 shi ji da xue ying yu》jiao xue lun wen ji@f蔡基刚主编@Fcai ji gang zhu bian
210    @a上海@c复旦大学出版社@d2001
215    @a397页@d20cm
606 0  @a英语
690    @aH319-53@v3
701  0 @a蔡基刚@Acai ji gang@4主编
801  0 @aCN@bPFT@c20070724
905    @a10447@dH319-53@e87
    
    《21世纪大学英语》教学论文集/蔡基刚主编.-上海:复旦大学出版社,2001
    397页;20cm
    
    
    ISBN 7-309-02937-2:CNY18.00
    
●
相关链接 在E读中查询图书 在五车中查询图书 在当当中查询图书 在豆瓣中查询图书


正题名:《21世纪大学英语》教学论文集     索取号:H319-53/87         预约/预借

序号 登录号 条形码 馆藏地/架位号 状态 备注
1 0767833   207678333   第二样本阅览室/ [索取号:H319-53/87] 在馆    
唐山师范学院图书馆 欢迎您!
大连网信软件有限公司© 版权所有